000 00546nam a2200193Ia 4500
003 OSt
005 20200616150347.0
008 190216s9999||||xx |||||||||||||| ||und||
020 _a9788131729205
040 _coclc
082 _a300.18
_bKUN/S
100 _aKundu, Abhijit
_92996
245 4 _aThe Social Sciences Methodology And Perspectives /
_cAbhijit Kundu
250 _aI
260 _bPearson,
_c2009,
_aNoida:
300 _a138p
650 _aSocial Sciences
942 _cBK
_2ddc
_h300.18
_iKUN/S
_k300.18
_mKUN/S
999 _c21896
_d21896